00249 a2200121 4500001000700000020001800007040001100025100002000036240003000056245002500086300000700111362000900118163792 a85-258-0414-2 cMagnum aElkind, Belinha10aA borboleta mágicalpor10aA borboleta mágica a300 a1989